[Event "Sevilla Open 2018"]
[Site "Sevilla ESP"]
[Date "2018.01.12"]
[Round "1.1"]
[White "Cruz Rodriguez, Israel"]
[Black "Vasquez Schroeder, Rodrigo"]
[Result "0-1"]
[WhiteElo "1814"]
[BlackElo "2554"]
[PlyCount "88"]
[EventDate "2018.01.12"]
[EventType "swiss"]
[EventRounds "9"]
[EventCountry "ESP"]
[SourceTitle "Ajedrez en Madrid"]
[Source "lmi"]
[SourceDate "2018.01.12"]
[SourceVersion "1"]
[SourceVersionDate "2018.01.25"]
[SourceQuality "1"]
[WhiteTeam "España"]
[BlackTeam "Chile"]
[WhiteTeamCountry "ESP"]
[BlackTeamCountry "CHI"]

1. Nf3 c5 2. c4 Nf6 3. g3 b6 4. Bg2 Bb7 5. O-O e6 6. d4 cxd4 7. Nxd4 Bxg2 8.
Kxg2 Qc8 9. b3 Qb7+ 10. Kg1 a6 11. Ba3 Bxa3 12. Nxa3 O-O 13. Qd3 Ra7 14. Rfd1
d6 15. Nac2 Rd8 16. Qf3 Qc8 17. Ne3 Rc7 18. Ng4 Nbd7 19. e4 Qb7 20. a4 Nxg4 21.
Qxg4 Nf6 22. Qh4 Rc5 23. f3 Rh5 24. Qf4 e5 25. Qe3 exd4 26. Rxd4 Qc7 27. Rad1
Qc5 28. Qd3 h6 29. Kg2 Ne8 30. g4 Re5 31. f4 Re7 32. Kf3 Qc6 33. g5 hxg5 34.
fxg5 Nc7 35. h4 Red7 36. Kg3 Ne6 37. Rd5 Nc5 38. Qf3 Re8 39. R1d4 Rde7 40. b4
Nxe4+ 41. Kf4 Qxa4 42. b5 axb5 43. cxb5 Qc2 44. Rf5 Qc1+ 0-1

[Event "Sevilla Open 2018"]
[Site "Sevilla ESP"]
[Date "2018.01.12"]
[Round "1.2"]
[White "Kveinys, Aloyzas"]
[Black "Luque Marin, Pedro Antonio"]
[Result "1-0"]
[WhiteElo "2547"]
[BlackElo "1812"]
[PlyCount "41"]
[EventDate "2018.01.12"]
[EventType "swiss"]
[EventRounds "9"]
[EventCountry "ESP"]
[SourceTitle "Ajedrez en Madrid"]
[Source "lmi"]
[SourceDate "2018.01.12"]
[SourceVersion "1"]
[SourceVersionDate "2018.01.25"]
[SourceQuality "1"]
[WhiteTeam "Lituania"]
[BlackTeam "España"]
[WhiteTeamCountry "LTU"]
[BlackTeamCountry "ESP"]

1. d4 f5 2. Nc3 Nf6 3. Bg5 d5 4. f3 h6 5. Bxf6 exf6 6. e4 Bb4 7. exd5 Qxd5 8.
Qd2 Bxc3 9. Qxc3 Nc6 10. O-O-O Be6 11. Qa3 b5 12. Ne2 b4 13. Qe3 g5 14. c4
Qxc4+ 15. Nc3 f4 16. Qe1 O-O-O 17. Bxc4 Bxc4 18. Qe4 bxc3 19. Qxc6 cxb2+ 20.
Kxb2 Bd5 21. Qxf6 1-0

[Event "Sevilla Open 2018"]
[Site "Sevilla ESP"]
[Date "2018.01.12"]
[Round "1.3"]
[White "Gomez Gonzalez, Agustin"]
[Black "Santos Latasa, Jaime"]
[Result "0-1"]
[WhiteElo "1809"]
[BlackElo "2546"]
[PlyCount "58"]
[EventDate "2018.01.12"]
[EventType "swiss"]
[EventRounds "9"]
[EventCountry "ESP"]
[SourceTitle "Ajedrez en Madrid"]
[Source "lmi"]
[SourceDate "2018.01.12"]
[SourceVersion "1"]
[SourceVersionDate "2018.01.25"]
[SourceQuality "1"]
[WhiteTeam "España"]
[BlackTeam "España"]
[WhiteTeamCountry "ESP"]
[BlackTeamCountry "ESP"]

1. e4 c5 2. Nf3 e6 3. d4 cxd4 4. Nxd4 a6 5. Bd3 Bc5 6. c3 Nc6 7. Nc2 Nf6 8. O-O
O-O 9. Be3 Be7 10. f4 d6 11. Nd2 b6 12. Nf3 Bb7 13. Qe2 Qc7 14. h3 Nd7 15. Ncd4
Nc5 16. Nxc6 Bxc6 17. Bxc5 bxc5 18. Rfe1 Rfe8 19. Kh1 Qb7 20. Rab1 a5 21. Kh2
g6 22. Qf2 Bf8 23. Qg3 Bg7 24. Kg1 a4 25. Nh4 a3 26. bxa3 Qa7 27. Bc4 Qxa3 28.
Bb3 c4 29. Bxc4 Qc5+ 0-1

[Event "Sevilla Open 2018"]
[Site "Sevilla ESP"]
[Date "2018.01.12"]
[Round "1.4"]
[White "Saric, Ante"]
[Black "Leon Serralbo, Jose Manuel"]
[Result "1-0"]
[WhiteElo "2537"]
[BlackElo "1806"]
[PlyCount "63"]
[EventDate "2018.01.12"]
[EventType "swiss"]
[EventRounds "9"]
[EventCountry "ESP"]
[SourceTitle "Ajedrez en Madrid"]
[Source "lmi"]
[SourceDate "2018.01.12"]
[SourceVersion "1"]
[SourceVersionDate "2018.01.25"]
[SourceQuality "1"]
[WhiteTeam "Croacia"]
[BlackTeam "España"]
[WhiteTeamCountry "CRO"]
[BlackTeamCountry "ESP"]

1. Nf3 d5 2. d4 Nf6 3. c4 e6 4. g3 dxc4 5. Qa4+ Bd7 6. Qxc4 Bc6 7. Bg2 Nbd7 8.
Nc3 Nb6 9. Qd3 Bb4 10. O-O O-O 11. Bg5 h6 12. Bxf6 Qxf6 13. e4 Rfd8 14. Rad1
Bxc3 15. bxc3 Ba4 16. Rd2 c5 17. Re1 Rac8 18. Ne5 a6 19. Qb1 cxd4 20. cxd4 Nc4
21. Nxc4 Rxc4 22. Qxb7 Rcxd4 23. e5 Qg5 24. f4 Qg4 25. Rxd4 Rxd4 26. Qa8+ Kh7
27. Qxa6 Rd1 28. Qf1 Bb5 29. Qf2 Rxe1+ 30. Qxe1 Qe2 31. Qxe2 Bxe2 32. a4 1-0

[Event "Sevilla Open 2018"]
[Site "Sevilla ESP"]
[Date "2018.01.12"]
[Round "1.5"]
[White "Robaina Bordon, Hector"]
[Black "Dvirnyy, Danyyil"]
[Result "0-1"]
[WhiteElo "1804"]
[BlackElo "2534"]
[PlyCount "60"]
[EventDate "2018.01.12"]
[EventType "swiss"]
[EventRounds "9"]
[EventCountry "ESP"]
[SourceTitle "Ajedrez en Madrid"]
[Source "lmi"]
[SourceDate "2018.01.12"]
[SourceVersion "1"]
[SourceVersionDate "2018.01.25"]
[SourceQuality "1"]
[WhiteTeam "España"]
[BlackTeam "Italia"]
[WhiteTeamCountry "ESP"]
[BlackTeamCountry "ITA"]

1. d4 d5 2. Nf3 Nf6 3. Bf4 g6 4. e3 Bg7 5. Bd3 O-O 6. h3 c5 7. c3 Qb6 8. Qc1
Nc6 9. O-O Nd7 10. Nbd2 e5 11. dxe5 Ndxe5 12. Nxe5 Nxe5 13. Bxe5 Bxe5 14. e4
Bf4 15. exd5 Qd8 16. Qc2 Qxd5 17. Ne4 f5 18. Qe2 Kg7 19. Ng3 Be6 20. Rfd1 Qe5
21. Re1 Kf6 22. Qf3 Qc7 23. Rxe6+ Kxe6 24. Bc4+ Kf6 25. Re1 Rfe8 26. Rd1 Rad8
27. Bd5 Bxg3 28. fxg3 Qe5 29. Kh2 Qe2 30. g4 Qxf3 0-1

[Event "Sevilla Open 2018"]
[Site "Sevilla ESP"]
[Date "2018.01.12"]
[Round "1.6"]
[White "Swapnil, S. Dhopade"]
[Black "Cherry, John Bradford"]
[Result "1-0"]
[WhiteElo "2533"]
[BlackElo "1802"]
[PlyCount "43"]
[EventDate "2018.01.12"]
[EventType "swiss"]
[EventRounds "9"]
[EventCountry "ESP"]
[SourceTitle "Ajedrez en Madrid"]
[Source "lmi"]
[SourceDate "2018.01.12"]
[SourceVersion "1"]
[SourceVersionDate "2018.01.25"]
[SourceQuality "1"]
[WhiteTeam "India"]
[BlackTeam "Estados Unidos"]
[WhiteTeamCountry "IND"]
[BlackTeamCountry "USA"]

1. d4 d5 2. c4 e6 3. Nf3 Nf6 4. g3 c6 5. Bg2 Bb4+ 6. Bd2 Bxd2+ 7. Nbxd2 O-O 8.
O-O Nbd7 9. Qc2 Re8 10. e4 dxe4 11. Nxe4 Nxe4 12. Qxe4 f5 13. Qe3 Nf6 14. Ne5
Rb8 15. Rfe1 Qc7 16. Rac1 Nd7 17. Nd3 b6 18. d5 Nf6 19. dxc6 Ng4 20. Qe2 Ba6
21. Nb4 Qc8 22. c7 1-0

[Event "Sevilla Open 2018"]
[Site "Sevilla ESP"]
[Date "2018.01.12"]
[Round "1.7"]
[White "Suarez Fernandez, Enrique Oliver"]
[Black "Lei, Tingjie"]
[Result "0-1"]
[WhiteElo "1801"]
[BlackElo "2531"]
[PlyCount "41"]
[EventDate "2018.01.12"]
[EventType "swiss"]
[EventRounds "9"]
[EventCountry "ESP"]
[SourceTitle "Ajedrez en Madrid"]
[Source "lmi"]
[SourceDate "2018.01.12"]
[SourceVersion "1"]
[SourceVersionDate "2018.01.25"]
[SourceQuality "1"]
[WhiteTeam "España"]
[BlackTeam "China"]
[WhiteTeamCountry "ESP"]
[BlackTeamCountry "CHN"]

1. e3 c5 2. b3 Nc6 3. Bb2 e5 4. Nf3 d6 5. d4 cxd4 6. exd4 e4 7. Nfd2 d5 8. c4
Nf6 9. cxd5 Qxd5 10. Nc3 Qxd4 11. Na4 Qd5 12. Be2 Qg5 13. Bxf6 Qxg2 14. Rf1
gxf6 15. Qc2 Bf5 16. Nc5 O-O-O 17. Rc1 Bh6 18. f4 Nd4 19. Qc4 b5 20. Qxd4 Rxd4
21. Ne6+ 0-1

[Event "Sevilla Open 2018"]
[Site "Sevilla ESP"]
[Date "2018.01.12"]
[Round "1.8"]
[White "Ulybin, Mikhail"]
[Black "De La Cruz Fernandez, Juan C"]
[Result "1-0"]
[WhiteElo "2519"]
[BlackElo "1801"]
[PlyCount "87"]
[EventDate "2018.01.12"]
[EventType "swiss"]
[EventRounds "9"]
[EventCountry "ESP"]
[SourceTitle "Ajedrez en Madrid"]
[Source "lmi"]
[SourceDate "2018.01.12"]
[SourceVersion "1"]
[SourceVersionDate "2018.01.25"]
[SourceQuality "1"]
[WhiteTeam "Rusia"]
[BlackTeam "España"]
[WhiteTeamCountry "RUS"]
[BlackTeamCountry "ESP"]

1. e4 c5 2. Nf3 e6 3. c3 Nc6 4. d4 cxd4 5. cxd4 d5 6. e5 Qb6 7. Nc3 Nge7 8. a3
Nf5 9. Na4 Qd8 10. b4 Be7 11. Bb2 O-O 12. Bd3 Bd7 13. Nc5 Bxc5 14. dxc5 Nh4 15.
Nxh4 Qxh4 16. O-O Rad8 17. f4 Bc8 18. Rf3 h6 19. Qd2 a6 20. Rh3 Qe7 21. Qe3 f5
22. exf6 Rxf6 23. Bxf6 Qxf6 24. Re1 Rf8 25. Rf3 Nd4 26. Rf2 Bd7 27. Qe5 Nc6 28.
Qxf6 Rxf6 29. g3 Nd4 30. Bf1 Kf7 31. Rd1 Nc6 32. f5 Ne7 33. fxe6+ Bxe6 34. a4
Nf5 35. b5 axb5 36. axb5 Ne3 37. Rdd2 Bd7 38. Be2 Ke6 39. Rxf6+ gxf6 40. Kf2
Nc4 41. Bxc4 dxc4 42. Rd6+ Ke7 43. Rb6 Bc8 44. Ke3 1-0

[Event "Sevilla Open 2018"]
[Site "Sevilla ESP"]
[Date "2018.01.12"]
[Round "1.9"]
[White "Clemente Chen, Alfredo"]
[Black "Aroshidze, Levan"]
[Result "0-1"]
[WhiteElo "1797"]
[BlackElo "2516"]
[PlyCount "66"]
[EventDate "2018.01.12"]
[EventType "swiss"]
[EventRounds "9"]
[EventCountry "ESP"]
[SourceTitle "Ajedrez en Madrid"]
[Source "lmi"]
[SourceDate "2018.01.12"]
[SourceVersion "1"]
[SourceVersionDate "2018.01.25"]
[SourceQuality "1"]
[WhiteTeam "España"]
[BlackTeam "España"]
[WhiteTeamCountry "ESP"]
[BlackTeamCountry "ESP"]

1. e4 c5 2. Nf3 e6 3. c3 Nf6 4. e5 Nd5 5. d4 cxd4 6. cxd4 d6 7. Bc4 Be7 8. O-O
O-O 9. Bd2 Nd7 10. Nc3 Nxc3 11. Bxc3 Nb6 12. Bb3 a5 13. Qe2 a4 14. Bc2 Nd5 15.
Bd2 Bd7 16. Be4 Bc6 17. Rac1 Qb6 18. Rc2 Bb5 19. Bd3 Bxd3 20. Qxd3 Rfc8 21.
Rfc1 Rxc2 22. Qxc2 h6 23. g4 Qb5 24. Re1 dxe5 25. dxe5 Bb4 26. h4 Bxd2 27. Nxd2
Nb4 28. Qe4 Rc8 29. Re3 Rc1+ 30. Kh2 Nd5 31. Rd3 Qxb2 32. Qxa4 Qxe5+ 33. Rg3
Qe1 0-1

[Event "Sevilla Open 2018"]
[Site "Sevilla ESP"]
[Date "2018.01.12"]
[Round "1.10"]
[White "Gleizerov, Evgeny"]
[Black "Gutierrez Marconi, Christian Fer"]
[Result "1-0"]
[WhiteElo "2509"]
[BlackElo "1796"]
[PlyCount "63"]
[EventDate "2018.01.12"]
[EventType "swiss"]
[EventRounds "9"]
[EventCountry "ESP"]
[SourceTitle "Ajedrez en Madrid"]
[Source "lmi"]
[SourceDate "2018.01.12"]
[SourceVersion "1"]
[SourceVersionDate "2018.01.25"]
[SourceQuality "1"]
[WhiteTeam "Rusia"]
[BlackTeam "España"]
[WhiteTeamCountry "RUS"]
[BlackTeamCountry "ESP"]

1. d4 Nf6 2. c4 e6 3. g3 d5 4. Nf3 Bb4+ 5. Bd2 Bxd2+ 6. Nbxd2 O-O 7. Bg2 Nbd7
8. O-O Re8 9. Qc2 b6 10. e4 dxe4 11. Ng5 Bb7 12. Ngxe4 Nxe4 13. Nxe4 Rb8 14.
Qa4 f5 15. Nc3 Bxg2 16. Kxg2 Qc8 17. Rfe1 Qb7+ 18. Kg1 Nf6 19. Rad1 Rbd8 20.
Qc2 Qc6 21. b3 a6 22. a4 Qf3 23. Rd3 Qh5 24. f3 Qg6 25. Ne2 e5 26. dxe5 Nd7 27.
Nf4 Qc6 28. Rd5 b5 29. axb5 axb5 30. Qxf5 bxc4 31. bxc4 Qb6+ 32. Kg2 1-0

[Event "Sevilla Open 2018"]
[Site "Sevilla ESP"]
[Date "2018.01.12"]
[Round "1.11"]
[White "Garcia Fernandez, Miguel"]
[Black "Pap, Misa"]
[Result "0-1"]
[WhiteElo "1792"]
[BlackElo "2491"]
[PlyCount "66"]
[EventDate "2018.01.12"]
[EventType "swiss"]
[EventRounds "9"]
[EventCountry "ESP"]
[SourceTitle "Ajedrez en Madrid"]
[Source "lmi"]
[SourceDate "2018.01.12"]
[SourceVersion "1"]
[SourceVersionDate "2018.01.25"]
[SourceQuality "1"]
[WhiteTeam "España"]
[BlackTeam "Serbia"]
[WhiteTeamCountry "ESP"]
[BlackTeamCountry "SRB"]

1. d4 Nf6 2. Nf3 e6 3. c4 Bb4+ 4. Bd2 Qe7 5. a3 Bxd2+ 6. Nbxd2 d5 7. g3 O-O 8.
Bg2 dxc4 9. Nxc4 Rd8 10. Qc2 a5 11. O-O Ra7 12. Rac1 Bd7 13. Nfe5 Bb5 14. Rfd1
a4 15. e4 Na6 16. b4 axb3 17. Qxb3 Qe8 18. Qc3 Ba4 19. Rd2 Qe7 20. Ne3 b6 21.
Qc4 Nc5 22. Re2 Ncxe4 23. Nc6 Bxc6 24. Qxc6 Rxd4 25. Nc2 Rd6 26. Qc4 Nc5 27.
Ra1 Qd7 28. Ne3 h6 29. h3 Qa4 30. Qa2 Rd3 31. Kh2 Rxa3 32. Qxa3 Qxa3 33. Rxa3
Rxa3 0-1

[Event "Sevilla Open 2018"]
[Site "Sevilla ESP"]
[Date "2018.01.12"]
[Round "1.12"]
[White "Matamoros Franco, Carlos S"]
[Black "Gonzalez Mendoza, Diego"]
[Result "1-0"]
[WhiteElo "2484"]
[BlackElo "1791"]
[PlyCount "51"]
[EventDate "2018.01.12"]
[EventType "swiss"]
[EventRounds "9"]
[EventCountry "ESP"]
[SourceTitle "Ajedrez en Madrid"]
[Source "lmi"]
[SourceDate "2018.01.12"]
[SourceVersion "1"]
[SourceVersionDate "2018.01.25"]
[SourceQuality "1"]
[WhiteTeam "Ecuador"]
[BlackTeam "España"]
[WhiteTeamCountry "ECU"]
[BlackTeamCountry "ESP"]

1. c4 Nf6 2. g3 e5 3. Bg2 d5 4. cxd5 Nxd5 5. Nf3 Bd6 6. Nc3 Be6 7. O-O O-O 8.
d4 Nxc3 9. bxc3 exd4 10. Ng5 c6 11. Qd3 g6 12. Nxe6 fxe6 13. cxd4 Nd7 14. Qb3
Qc7 15. Qxe6+ Kh8 16. Bb2 Rae8 17. Qc4 Nb6 18. Qc2 Kg8 19. e4 Qe7 20. a4 Qe6
21. Rfc1 Rf7 22. a5 Na8 23. a6 Rc8 24. d5 Qe7 25. Qc3 Rg7 26. Qxg7+ 1-0

[Event "Sevilla Open 2018"]
[Site "Sevilla ESP"]
[Date "2018.01.12"]
[Round "1.13"]
[White "Pozo Prior, Jose Antonio"]
[Black "Xu, Yi"]
[Result "0-1"]
[WhiteElo "1791"]
[BlackElo "2482"]
[PlyCount "76"]
[EventDate "2018.01.12"]
[EventType "swiss"]
[EventRounds "9"]
[EventCountry "ESP"]
[SourceTitle "Ajedrez en Madrid"]
[Source "lmi"]
[SourceDate "2018.01.12"]
[SourceVersion "1"]
[SourceVersionDate "2018.01.25"]
[SourceQuality "1"]
[WhiteTeam "España"]
[BlackTeam "China"]
[WhiteTeamCountry "ESP"]
[BlackTeamCountry "CHN"]

1. e4 e5 2. Nf3 Nc6 3. Bb5 a6 4. Bxc6 dxc6 5. Nxe5 Qd4 6. Nf3 Qxe4+ 7. Qe2
Qxe2+ 8. Kxe2 Bf5 9. d3 O-O-O 10. Re1 Nf6 11. Kf1 Nd5 12. a3 Be7 13. Nc3 Rhe8
14. Bd2 Bf6 15. Rxe8 Rxe8 16. Re1 Rxe1+ 17. Kxe1 Kd7 18. Nxd5 cxd5 19. Bc3
Bxc3+ 20. bxc3 f6 21. h4 c5 22. Kd2 b6 23. Kc1 Ke6 24. Kb2 Bg6 25. Kb3 Kf5 26.
c4 dxc4+ 27. Kxc4 Bf7+ 28. Kc3 Bd5 29. Kd2 Bxf3 30. gxf3 Kf4 31. Ke2 h5 32. c3
g5 33. hxg5 fxg5 34. d4 cxd4 35. cxd4 h4 36. d5 Ke5 37. f4+ gxf4 38. Kf3 h3 0-1

[Event "Sevilla Open 2018"]
[Site "Sevilla ESP"]
[Date "2018.01.12"]
[Round "1.14"]
[White "Anurag, Mhamal"]
[Black "Tirado Parra, Alberto"]
[Result "1-0"]
[WhiteElo "2472"]
[BlackElo "1789"]
[PlyCount "37"]
[EventDate "2018.01.12"]
[EventType "swiss"]
[EventRounds "9"]
[EventCountry "ESP"]
[SourceTitle "Ajedrez en Madrid"]
[Source "lmi"]
[SourceDate "2018.01.12"]
[SourceVersion "1"]
[SourceVersionDate "2018.01.25"]
[SourceQuality "1"]
[WhiteTeam "India"]
[BlackTeam "España"]
[WhiteTeamCountry "IND"]
[BlackTeamCountry "ESP"]

1. d4 f5 2. Qd3 d5 3. c4 e6 4. g4 fxg4 5. Nc3 Nf6 6. h3 Nc6 7. hxg4 dxc4 8. Qb1
Nxg4 9. Rxh7 Rxh7 10. Qxh7 Qf6 11. Qh5+ Qf7 12. Qxg4 e5 13. Qg3 Bd6 14. dxe5
Nxe5 15. f4 Nc6 16. Bd2 Bf5 17. e4 Nb4 18. O-O-O O-O-O 19. exf5 1-0

[Event "Sevilla Open 2018"]
[Site "Sevilla ESP"]
[Date "2018.01.13"]
[Round "2.1"]
[White "Vasquez Schroeder, Rodrigo"]
[Black "Arroyo Rodriguez, Jesus"]
[Result "1-0"]
[WhiteElo "2554"]
[BlackElo "2057"]
[PlyCount "74"]
[EventDate "2018.01.12"]
[EventType "swiss"]
[EventRounds "9"]
[EventCountry "ESP"]
[SourceTitle "Ajedrez en Madrid"]
[Source "lmi"]
[SourceDate "2018.01.12"]
[SourceVersion "1"]
[SourceVersionDate "2018.01.25"]
[SourceQuality "1"]
[WhiteTeam "Chile"]
[BlackTeam "España"]
[WhiteTeamCountry "CHI"]
[BlackTeamCountry "ESP"]

1. e4 c5 2. Nf3 Nf6 3. Nc3 d5 4. exd5 Nxd5 5. Bb5+ Bd7 6. Ne5 Bxb5 7. Qf3 f6 8.
Nxb5 Na6 9. Nc4 Qd7 10. O-O O-O-O 11. a4 Kb8 12. d3 g5 13. Bd2 h5 14. Rfe1 Nab4
15. Bxb4 cxb4 16. Nd4 e5 17. Nb3 g4 18. Qe4 h4 19. d4 Qc7 20. Ncd2 g3 21. dxe5
gxf2+ 22. Kxf2 fxe5 23. Kg1 Rg8 24. Kh1 Nf4 25. Rg1 Rg4 26. Qf3 Qg7 27. Ne4 Be7
28. Rad1 Rxd1 29. Rxd1 Rxg2 30. Nec5 Bxc5 31. Nxc5 Kc8 32. Nxb7 Rxc2 33. Nd6+
Kb8 34. Rg1 Qh7 35. Rg8+ Kc7 36. Qb7+ Kxd6 37. Qxh7 Kd5 1-0

[Event "Sevilla Open 2018"]
[Site "Sevilla ESP"]
[Date "2018.01.13"]
[Round "2.2"]
[White "Degro, Heiko"]
[Black "Kveinys, Aloyzas"]
[Result "0-1"]
[WhiteElo "2058"]
[BlackElo "2547"]
[PlyCount "72"]
[EventDate "2018.01.12"]
[EventType "swiss"]
[EventRounds "9"]
[EventCountry "ESP"]
[SourceTitle "Ajedrez en Madrid"]
[Source "lmi"]
[SourceDate "2018.01.12"]
[SourceVersion "1"]
[SourceVersionDate "2018.01.25"]
[SourceQuality "1"]
[WhiteTeam "Alemania"]
[BlackTeam "Lituania"]
[WhiteTeamCountry "GER"]
[BlackTeamCountry "LTU"]

1. e4 c5 2. Nf3 e6 3. c3 Nf6 4. e5 Nd5 5. Bc4 d6 6. Qe2 Be7 7. O-O O-O 8. exd6
Qxd6 9. d4 cxd4 10. cxd4 Nc6 11. Rd1 Na5 12. Bxd5 exd5 13. Nc3 Bg4 14. h3 Bh5
15. g4 Bg6 16. Qe5 Rfd8 17. Qxd6 Bxd6 18. Nb5 Be4 19. Ng5 Bc2 20. Rd2 Bg6 21.
Nxd6 Rxd6 22. Re2 f6 23. Bf4 Ra6 24. Nf3 Nb3 25. Rd1 Rxa2 26. Nh4 Re8 27. Rxe8+
Bxe8 28. Nf5 Rxb2 29. Ne7+ Kf7 30. Nxd5 Bc6 31. Ne3 g5 32. Bc7 Bf3 33. Rd3 Be2
34. Rc3 Nxd4 35. Bb8 Rb1+ 36. Kg2 Bf3+ 0-1

[Event "Sevilla Open 2018"]
[Site "Sevilla ESP"]
[Date "2018.01.13"]
[Round "2.3"]
[White "Santos Latasa, Jaime"]
[Black "Dumont, Andre"]
[Result "1-0"]
[WhiteElo "2546"]
[BlackElo "2057"]
[PlyCount "49"]
[EventDate "2018.01.12"]
[EventType "swiss"]
[EventRounds "9"]
[EventCountry "ESP"]
[SourceTitle "Ajedrez en Madrid"]
[Source "lmi"]
[SourceDate "2018.01.12"]
[SourceVersion "1"]
[SourceVersionDate "2018.01.25"]
[SourceQuality "1"]
[WhiteTeam "España"]
[BlackTeam "Bélgica"]
[WhiteTeamCountry "ESP"]
[BlackTeamCountry "BEL"]

1. Nf3 b6 2. g3 c5 3. Bg2 Bb7 4. O-O Nf6 5. d3 e6 6. e4 d6 7. Nh4 Be7 8. e5
Bxg2 9. exf6 Bxf1 10. fxe7 Qxe7 11. Qxf1 g5 12. Qg2 d5 13. Nf3 f6 14. c4 Nc6
15. Nc3 O-O-O 16. cxd5 Nb4 17. dxe6 Kb8 18. Qh3 Rxd3 19. Qf5 Rd6 20. Nxg5 fxg5
21. Qe5 Kb7 22. Qxh8 Nd3 23. Bxg5 Qxe6 24. Qxh7+ Rd7 25. Qe4+ 1-0

[Event "Sevilla Open 2018"]
[Site "Sevilla ESP"]
[Date "2018.01.13"]
[Round "2.4"]
[White "Romero Garcia, Mariano"]
[Black "Saric, Ante"]
[Result "0-1"]
[WhiteElo "2037"]
[BlackElo "2537"]
[PlyCount "32"]
[EventDate "2018.01.12"]
[EventType "swiss"]
[EventRounds "9"]
[EventCountry "ESP"]
[SourceTitle "Ajedrez en Madrid"]
[Source "lmi"]
[SourceDate "2018.01.12"]
[SourceVersion "1"]
[SourceVersionDate "2018.01.25"]
[SourceQuality "1"]
[WhiteTeam "España"]
[BlackTeam "Croacia"]
[WhiteTeamCountry "ESP"]
[BlackTeamCountry "CRO"]

1. e4 c5 2. Nf3 Nc6 3. Bb5 g6 4. Bxc6 bxc6 5. O-O Bg7 6. Nc3 e5 7. d3 d6 8. h3
f5 9. exf5 gxf5 10. Ng5 Nf6 11. f4 O-O 12. fxe5 dxe5 13. Qe1 c4 14. dxc4 e4 15.
h4 Ng4 16. Bf4 Qb6+ 0-1

[Event "Sevilla Open 2018"]
[Site "Sevilla ESP"]
[Date "2018.01.13"]
[Round "2.5"]
[White "Dvirnyy, Danyyil"]
[Black "Rodriguez Del Cerro, Ricardo"]
[Result "1-0"]
[WhiteElo "2534"]
[BlackElo "2053"]
[PlyCount "79"]
[EventDate "2018.01.12"]
[EventType "swiss"]
[EventRounds "9"]
[EventCountry "ESP"]
[SourceTitle "Ajedrez en Madrid"]
[Source "lmi"]
[SourceDate "2018.01.12"]
[SourceVersion "1"]
[SourceVersionDate "2018.01.25"]
[SourceQuality "1"]
[WhiteTeam "Italia"]
[BlackTeam "España"]
[WhiteTeamCountry "ITA"]
[BlackTeamCountry "ESP"]

1. d4 Nf6 2. c4 e6 3. Nf3 b6 4. g3 Bb7 5. Bg2 Be7 6. Nc3 Ne4 7. Bd2 O-O 8. O-O
Bf6 9. Be1 Nxc3 10. Bxc3 Be4 11. Ne5 Bxg2 12. Kxg2 c5 13. dxc5 bxc5 14. Qd6 a5
15. Rad1 Be7 16. Qd2 d6 17. Ng4 f5 18. Ne3 Qc7 19. Kg1 Nc6 20. Ng2 Ra6 21. Nf4
Nd8 22. Rfe1 Qb7 23. f3 Bg5 24. Qd3 Qf7 25. Ng2 e5 26. f4 exf4 27. Nxf4 Bxf4
28. gxf4 Re8 29. Qg3 Re6 30. Kh1 Qb7+ 31. Rd5 Re4 32. Qf3 Qf7 33. Rg1 Ne6 34.
e3 Rb6 35. Qh3 g6 36. Rxf5 Rxe3 37. Rxf7 Rxh3 38. Rd7 Rf3 39. Re1 Nf8 40. Re8
1-0

[Event "Sevilla Open 2018"]
[Site "Sevilla ESP"]
[Date "2018.01.13"]
[Round "2.6"]
[White "Cuellar Montes, Alejandro"]
[Black "Swapnil, S. Dhopade"]
[Result "0-1"]
[WhiteElo "2024"]
[BlackElo "2533"]
[PlyCount "86"]
[EventDate "2018.01.12"]
[EventType "swiss"]
[EventRounds "9"]
[EventCountry "ESP"]
[SourceTitle "Ajedrez en Madrid"]
[Source "lmi"]
[SourceDate "2018.01.12"]
[SourceVersion "1"]
[SourceVersionDate "2018.01.25"]
[SourceQuality "1"]
[WhiteTeam "España"]
[BlackTeam "India"]
[WhiteTeamCountry "ESP"]
[BlackTeamCountry "IND"]

1. d4 Nf6 2. c4 c5 3. d5 b5 4. cxb5 a6 5. bxa6 g6 6. Nc3 Bg7 7. e4 O-O 8. Nf3
Qa5 9. Bd2 Bxa6 10. Bxa6 Qxa6 11. Qe2 e6 12. dxe6 fxe6 13. Qxa6 Nxa6 14. O-O
Nb4 15. a3 Nd3 16. Rab1 Ng4 17. h3 Nge5 18. Nxe5 Bxe5 19. Nd1 Rfb8 20. Be3 c4
21. f4 Bd6 22. e5 Bxa3 23. Bd4 Be7 24. Ne3 Ra4 25. g3 Rb3 26. Rfd1 h5 27. h4
Bc5 28. Bxc5 Nxc5 29. Nf1 Nd3 30. Nd2 Rxb2 31. Rxb2 Nxb2 32. Rc1 Kf8 33. Rc2
Rb4 34. Kf2 c3 35. Nf3 Re4 36. Ng5 Nd1+ 37. Kg1 Re3 38. Kh2 Ke7 39. Nh3 Rd3 40.
Rc1 Rd2+ 41. Kg1 c2 42. f5 gxf5 43. Nf4 Ne3 0-1

[Event "Sevilla Open 2018"]
[Site "Sevilla ESP"]
[Date "2018.01.13"]
[Round "2.7"]
[White "Lei, Tingjie"]
[Black "Vinal Gutierrez, Pedro"]
[Result "1/2-1/2"]
[WhiteElo "2531"]
[BlackElo "2036"]
[PlyCount "44"]
[EventDate "2018.01.12"]
[EventType "swiss"]
[EventRounds "9"]
[EventCountry "ESP"]
[SourceTitle "Ajedrez en Madrid"]
[Source "lmi"]
[SourceDate "2018.01.12"]
[SourceVersion "1"]
[SourceVersionDate "2018.01.25"]
[SourceQuality "1"]
[WhiteTeam "China"]
[BlackTeam "España"]
[WhiteTeamCountry "CHN"]
[BlackTeamCountry "ESP"]

1. e4 e6 2. d4 d5 3. Nc3 Nf6 4. Bg5 Be7 5. e5 Nfd7 6. h4 h6 7. Bxe7 Qxe7 8. Qd2
a6 9. f4 b6 10. Nf3 Bb7 11. h5 Nc6 12. O-O-O O-O-O 13. Kb1 Kb8 14. g4 Na5 15.
f5 Nc4 16. Bxc4 dxc4 17. Qf4 b5 18. d5 exd5 19. Nxd5 Qc5 20. e6 fxe6 21. fxe6
Bxd5 22. exd7 Rxd7 1/2-1/2